00606nam a2200205 a 4500001001200000005001700012008004100029040002000070041000800090082001900098100002700117245006400144246001400208260005900222300004600281653001300327653002800340653001900368653001300387CL00006580220240524070640.0041025s2002 vm vie d aDLCbvieeAACR2 avie04a779.25bB1115H1 aNguyễn, Bá Hân10aThời thơ ấub: Childhoodc/ Nguyễn Bá Hân11aChildhood aTP. Hồ Chí Minhb: TP. Hồ Chí Minhc, 2002 a99tr.b: minh họa hình ảnhc; 25 cm 0aChildren 0aPhotography of children 4aẢnh trẻ em 4aTrẻ em